000 00582cam a2200229 4500
001 B1897
008 090401t1988 xxu||||| |||| 00| 0 eng d
035 _a(Sirsi) u46946
041 _aeng
050 _a639.9
110 _aSchering Agriculture
_92600
245 _aFarm conservation guide
260 _aNottingham
_bSchering Agriculture
_c1988
300 _a129p. : ill. ; 21x11cm.
350 _a6.5
490 _aGreen Science Publication
650 _aFARMING
650 _aWILDLIFE
710 _aFarming and Wildlife Trust
_92602
942 _n0
948 _c04/03/1997
999 _c92049
_d92049